Vista normal
Vista MARC
Entrada Topical Term
Número de registros utilizados en: 1
001 - CONTROL NUMBER
- control field: 37107
003 - CONTROL NUMBER IDENTIFIER
- control field: OSt
005 - DATE AND TIME OF LATEST TRANSACTION
- control field: 20210423142810.0
008 - FIXED-LENGTH DATA ELEMENTS
- fixed length control field: 210423|| aca||aabn | a|a d
040 ## - CATALOGING SOURCE
- Original cataloging agency: OSt
- Transcribing agency: OSt
150 ## - HEADING--TOPICAL TERM
- Topical term or geographic name entry element: Código general del proceso
670 ## - SOURCE DATA FOUND
- Source citation: Work cat.: (OSt)11564: Álvarez Gómez, Marco Antonio, autor 25860, Ensayos sobre el código general del proceso / , 2014.